| 000 | 00740nam a22002532a 4500 | ||
|---|---|---|---|
| 001 | 31973 | ||
| 003 | BD-RjUL | ||
| 005 | 20211209051756.0 | ||
| 008 | 140423s1982 i b 001 0 eng d | ||
| 020 | _a0706920171 | ||
| 035 |
_aOCLC ocm01159596 from D950127M _a(BD-RjUL)32062 |
||
| 040 |
_aDLC _cIAU _dBOS _dBD-RjUL _beng |
||
| 041 | _aeng | ||
| 082 |
_a294.3 _bBAP 1982 |
||
| 100 | 1 |
_aBahm, Archie J. _92975 |
|
| 245 | 1 | 0 |
_aPhilosophy of the Buddha / _cA.J. Bahm |
| 260 |
_aIndia : _bVikas Publishing House Pvt Ltd., _cc1982. |
||
| 300 |
_a[4] 175 p. ; _c21 cm |
||
| 504 | _aIncludes index and Bibliography: p. 163-166 | ||
| 650 | 0 |
_aBuddhism _997348 |
|
| 942 |
_2ddc _cBK |
||
| 999 |
_c31973 _d31973 |
||